00328nam a22000857a 450000500170000010000640001724501250008126000270020630000090023320260629143307.0 aMushraf Alia21-MSM-10aSupervisor - Dr. Kamran Nazir Memon aThe Influence of Slip Condition on Tank Drainage for Third Order Fluid by Using Adomian Decomposition Method (Thesis MS) aNawabshahbQUESTc2024 a85p.